| 000 | 00426nam a22001577a 4500 | ||
|---|---|---|---|
| 005 | 20230908113326.0 | ||
| 008 | 230828b |||||||| |||| 00| 0 eng d | ||
| 020 | _a978-93-81390-19-1 | ||
| 082 | _aAD/610.7/CHA/DB1146 | ||
| 100 | _aChanda Eshita | ||
| 245 | _aIntroduction to Nursing Education | ||
| 260 |
_bS.Vikas and Company (Medical Publisher) _aJalandhar _c2018 |
||
| 300 | _a301p | ||
| 365 | _b375.00 | ||
| 942 | _cDB | ||
| 999 |
_c355951 _d355951 |
||